000 01607nam a2200493 i 4500
001 6057
003 KOSZ 005
005 20200508132121.0
008 200508s1993 pl a f 000 0 pol
015 _aPB 2018/35524
020 _a8385626395
035 _a991029588179705066
035 _a(PL-WaBN)b60652408-48omnis_nlop
035 _ab60652408
035 _a(PL)b0000006065240
035 _a(EXLNZ-48OMNIS_NETWORK)9910380703005606
040 _aWA N
_cWA N
_dKOSZ 005/EC
_dKOSZ 005/RW
045 2 _bd1989
_bd1993
046 _k1993
080 _a336.76(438)
100 1 _aAdamiec, Tomasz
_eAutor
245 1 0 _aJak zostać rekinem giełdowym w Polsce :
_bporadnik dla każdego /
_cTomasz Adamiec.
260 _aPoznań :
_bPolski Dom Wydawniczy "Ławica",
_c1993.
300 _a120, [6] stron :
_bilustracje ;
_c21 cm.
336 _aTekst
_btxt
_2rdacontent
337 _2rdamedia
_aBez urządzenia pośredniczącego
_bn
338 _aWolumin
_bnc
_2rdacarrier
380 _aKsiążki
380 _aPublikacje fachowe
385 _aInwestorzy indywidualni
385 _aMaklerzy giełdowi
388 1 _a1901-2000
388 1 _a1989-2000
650 7 _aInwestycje
650 7 _aPapiery wartościowe
650 7 _aRynek kapitałowy
651 7 _aPolska
655 7 _aPoradnik
658 4 _aGospodarka, ekonomia, finanse
710 2 _aOficyna Wydawnicza "Ławica"
_4pbl
856 _uhttp://koha.tu.koszalin.pl/cgi-bin/koha/opac-detail.pl?biblionumber=6057
_yKatalog online BPK
942 _2UKD
_cKS
999 _c6057
_d6057